000 00557nam a22001697a 4500
003 UA-OsUOA
001 11074
007 ta
008 20050227b un ||||| |||| 00| 0 ukr d
942 _cSA
040 _aUA-OsUOA
_cUA-OsUOA
_dUA-OsUOA
245 _aЯкщо ушкоджено здоров’я на виробництві : [Відповіді на запитання]
300 _aС.16-17
955 _a0
773 0 _w0
_tПраця і зарплата
_dКиїв
_d2005
_g№7
650 7 _aПраво соціального забезпечення
_2UDC
999 _c297235
_d297235